000 00906nam a2200289 i 4500
003 EG-GICUC
005 20260218124333.0
008 260218s1956 -uk |fr|||| 001 0 eng d
040 _aEG-GiCUC
_beng
_cEG-GiCUC
_dEG-GiCUC
_erda
041 0 _aeng
082 0 4 _221
_a341
_bLO
092 0 4 _221
099 _aLaw1 11 341 LO 7 ed - 1956
245 0 0 _aLois Irene Hutchinson.
250 _aSeventh Edition Standard Handbook For Secretaries.
264 3 _aNew York :
_bMcgraw-hill Book Company,
_c1956.
300 _a638 pages :
_billustrations,
_c24 cm
336 _2rda content
_atext
337 _2rda media
_aComputer
338 _2rda carrier
_aOnline Resource
504 _aIncludes bibliographical references.
546 _aText in English
650 1 4 _aPublic international law
856 4 0 _uhttps://fll.law.cu.edu.eg/fulltext/bks/B11-08064.pdf
905 _a48
942 _2ddc
_cBK
_e21
_n0
999 _c63545
_d63545